| 000 | 00476nam a2200169Ia 4500 | ||
|---|---|---|---|
| 003 | IN-BaIIA | ||
| 008 | 211028s9999 xx 000 0 eng d | ||
| 020 | _a978-81-7758-548-3 | ||
| 040 | _cIIA Library | ||
| 080 |
_a530.145 _bSAK |
||
| 100 |
_aSakurai, J. J. _919161 |
||
| 245 | 0 |
_aModern quantum mechanics _cJ. J. Sakurai |
|
| 260 |
_aNew Delhi _bPearson _c2004 |
||
| 300 | _a508p. | ||
| 650 | _aQuantum mechanics | ||
| 942 | _cBK | ||
| 999 |
_c17198 _d17198 |
||